| 000 | 00599 a2200205 4500 | ||
|---|---|---|---|
| 001 | 63465 | ||
| 005 | 20260407155932.0 | ||
| 008 | 260407a1932 arg spa d | ||
| 003 | AR-UNSa-BCEJYS | ||
| 040 |
_aAR-UNSa-BCEJYS _bspa _cAR-UNSa-BCEJYS |
||
| 080 |
_a330.342.21 _xEconomía sin desarrollo. Economía preindustrial. Subdesarrollo |
||
| 245 | 1 | 0 | _aVida económica de los pueblos |
| 264 | 1 |
_aBarcelona : _bLabor _c1932 |
|
| 300 |
_a212 p. _c18 cm. |
||
| 041 | _aspa | ||
| 942 | _cBK | ||
| 590 | _aniveau_biblio:m niveau_hierar:0 | ||
| 100 | 1 | _aKrause, Fritz | |
| 700 | 1 | _aSanchez Sarto, Manuel | |
| 999 |
_c8182 _d8182 |
||